000 01035nam a22001337a 4500
999 _c530613
_d530613
008 250625b ||||| |||| 00| 0 eng d
100 _aPraveen, Anita
_954785
245 _aRural prosperity through warehousing
260 _aYojana
300 _a69(6), Jun, 2025: p.27-30
520 _aDespite multifold growth in Kisan Credit Cards, post- harvest finance has not seen a commensurate increase, as banks and financial institutions hesitate to expand exposure to pledged loans. Meanwhile, a mismatch between production and storage capacity exists, with India's total installed agri warehousing capacity at 239.70 MMT, against a food grain production of 328.85 MMT (NABARD study). Addressing these gaps, the Government of India launched initiatives like AIF(Rs 1 lakh crore) and CGS-NPF(Rs 1000 crores) to enhance warehousing infrastructure and boost post-harvest credit, ensuring stability in agricultural pricing and rural prosperity. - Reproduced
650 _awerehouse, food grain production, economic impact
_954786
942 _cAR